00330nam a22001097a 4500003000400000020001800004082001400022100004200036245008600078260004900164300000700213SGT a9789392432101 a920bM23S aसिंह, हरिशंकर  aमेरी जीवन यात्रा : जीवन के 75वर्ष bसाहित्य भंडार c2023 a88